Manufacturing Management (Record no. 40332)
[ view plain ]
| 000 -LEADER | |
|---|---|
| fixed length control field | 00298nam a22001217a 4500 |
| 008 - FIXED-LENGTH DATA ELEMENTS--GENERAL INFORMATION | |
| fixed length control field | 231102b |||||||| |||| 00| 0 eng d |
| 100 ## - MAIN ENTRY--PERSONAL NAME | |
| Personal name | Moore, Franklin G. |
| 245 ## - TITLE STATEMENT | |
| Title | Manufacturing Management |
| 250 ## - EDITION STATEMENT | |
| Edition statement | 4th ed. |
| 260 ## - PUBLICATION, DISTRIBUTION, ETC. | |
| Place of publication | Bombay; |
| Name of publisher | D.P.T.Pub.; |
| Year of publication | 1965; |
| 300 ## - PHYSICAL DESCRIPTION | |
| Number of Pages | 892p |
| 942 ## - ADDED ENTRY ELEMENTS (KOHA) | |
| Koha item type | Books |
| Accession Number | Cost, replacement price | Lost status | Damaged status | Price effective from | Koha item type | Not for loan | Withdrawn status | Home library | Current library | Shelving location | Date acquired | Source of acquisition | Cost, normal purchase price |
|---|---|---|---|---|---|---|---|---|---|---|---|---|---|
| 10968 | 13.00 | 01/12/2023 | Books | Withdrawn | RCL | RCL | General Stacks | 01/12/2023 | DDC | 13.00 |


